[Event "Senta January op"]
[Site "Senta"]
[Date "2011.02.05"]
[Round "6"]
[White "Sakic, Simeon"]
[Black "Kaszas, Viktor"]
[Result "0-1"]
[WhiteElo "1908"]
[BlackElo "1980"]
[PlyCount "62"]
[EventDate "2011.01.21"]
[EventType "swiss"]
[EventRounds "9"]
[EventCountry "SRB"]
[SourceTitle "CBM 140 Extra"]
[Source "ChessBase"]
[SourceDate "2011.03.01"]
[SourceVersion "1"]
[SourceVersionDate "2011.03.01"]
[SourceQuality "1"]

1. e4 c5 2. Nf3 d6 3. d4 cxd4 4. Nxd4 Nf6 5. Nc3 a6 6. Be3 e5 7. Nb3 Be6 8. f3 Be7 9. Qd2 0-0 10. 0-0-0 Nbd7 11. g4 b5 12. h4 b4 13. Na4 Rb8 14. h5 Qc7 15. g5 Ne8 16. g6 Qc6 17. h6 fxg6 18. hxg7 Rf7 19. Rxh7 Kxh7 20. Qh2+ Kxg7 21. Bb5 Qxb5 22. Rh1 Bh4 23. Qxh4 Kf8 24. Bg5 Nef6 25. Bxf6 Nxf6 26. Qg5 Ke7 27. Qxg6 Rg8 28. Qh6 Rh7 29. Qxh7+ Nxh7 30. Rxh7+ Ke8 31. Rh1 Qxa4 0-1

[Event "Senta January op"]
[Site "Senta"]
[Date "2011.01.30"]
[Round "5"]
[White "Bicskei, Mihaly"]
[Black "Kaszas, Viktor"]
[Result "0-1"]
[WhiteElo "1879"]
[BlackElo "1980"]
[PlyCount "74"]
[EventDate "2011.01.21"]
[EventType "swiss"]
[EventRounds "9"]
[EventCountry "SRB"]
[SourceTitle "CBM 140 Extra"]
[Source "ChessBase"]
[SourceDate "2011.03.01"]
[SourceVersion "1"]
[SourceVersionDate "2011.03.01"]
[SourceQuality "1"]

1. Nf3 Nf6 2. g3 g6 3. Bg2 d6 4. d4 Bg7 5. c4 0-0 6. 0-0 Nbd7 7. Nc3 e5 8. e4 Re8 9. d5 Nc5 10. Qc2 a5 11. Be3 b6 12. h3 Nh5 13. Kh2 f5 14. Bg5 Bf6 15. Bxf6 Qxf6 16. Rae1 Rf8 17. Nd2 f4 18. g4 f3 19. Nxf3 Nf4 20. Re3 h5 21. g5 Qe7 22. Rg1 Qd7 23. Ne1 h4 24. Rf3 Qe7 25. Bf1 Kg7 26. Nd3 Nfxd3 27. Rxf8 Nb4 28. Rxc8 Nxc2 29. Rxa8 Qf7 30. Bg2 Qf4+ 31. Kh1 Nd3 32. Nd1 Nd4 33. Rc8 Nf3 34. Bxf3 Qxf3+ 35. Kh2 Nf4 36. Rxc7+ Kf8 37. Rc8+ Ke7 0-1

[Event "Senta January op"]
[Site "Senta"]
[Date "2011.01.22"]
[Round "2"]
[White "Farkas, Tibor"]
[Black "Kaszas, Viktor"]
[Result "1-0"]
[WhiteElo "2269"]
[BlackElo "1980"]
[PlyCount "57"]
[EventDate "2011.01.21"]
[EventType "swiss"]
[EventRounds "9"]
[EventCountry "SRB"]
[SourceTitle "CBM 140 Extra"]
[Source "ChessBase"]
[SourceDate "2011.03.01"]
[SourceVersion "1"]
[SourceVersionDate "2011.03.01"]
[SourceQuality "1"]

1. e4 c5 2. Nf3 d6 3. d4 cxd4 4. Nxd4 Nf6 5. f3 a6 6. c4 e6 7. Nc3 Be7 8. Be3 0-0 9. Qd2 Nc6 10. Be2 d5 11. Nxc6 bxc6 12. cxd5 cxd5 13. exd5 Nxd5 14. Nxd5 exd5 15. 0-0 Bb7 16. b4 Re8 17. Bd4 Bd6 18. Rf2 Qc7 19. g3 Rac8 20. Bf1 Be5 21. Rd1 Qd6 22. a4 Rc7 23. Re1 Rcc8 24. Bc5 Qd7 25. Rfe2 Bd6 26. Rxe8+ Rxe8 27. Rxe8+ Qxe8 28. Bxd6 Qxa4 29. Qe3 1-0

[Event "Senta op-B 14th"]
[Site "Senta"]
[Date "2010.07.19"]
[Round "4"]
[White "Kaszas, Viktor"]
[Black "Sedlak, Ivan"]
[Result "0-1"]
[WhiteElo "1981"]
[BlackElo "2153"]
[PlyCount "70"]
[EventDate "2010.07.17"]
[EventType "swiss"]
[EventRounds "9"]
[EventCountry "YUG"]
[SourceTitle "EXT 2011"]
[Source "ChessBase"]
[SourceDate "2010.11.26"]
[SourceVersion "1"]
[SourceVersionDate "2010.11.26"]
[SourceQuality "1"]

1. e4 e6 2. d4 d5 3. Nd2 a6 4. Ngf3 Nf6 5. e5 Nfd7 6. Bd3 c5 7. c3 Nc6 8. 0-0 g5 9. dxc5 Ncxe5 10. Nb3 Nxf3+ 11. Qxf3 Ne5 12. Qg3 Nxd3 13. Qxd3 Bg7 14. Qg3 Bf6 15. Be3 e5 16. f4 gxf4 17. Bxf4 Bh4 18. Qe3 f6 19. Qf3 0-0 20. Bh6 Re8 21. g3 Bg5 22. Bxg5 fxg5 23. Qf7+ Kh8 24. Rf6 Re7 25. Rd6 Rxf7 26. Rxd8+ Kg7 27. Rxd5 Bh3 28. Rxe5 Raf8 29. Ree1 Rf2 30. Kh1 Rxb2 31. Reb1 Rbf2 32. Nd4 Bg2+ 33. Kg1 Be4 34. h4 Rg2+ 35. Kh1 Rff2 0-1

[Event "Senta op-B 14th"]
[Site "Senta"]
[Date "2010.07.18"]
[Round "3"]
[White "Kaszas, Viktor"]
[Black "Gebejes, Ana"]
[Result "1/2-1/2"]
[WhiteElo "1981"]
[BlackElo "2056"]
[PlyCount "59"]
[EventDate "2010.07.17"]
[EventType "swiss"]
[EventRounds "9"]
[EventCountry "YUG"]
[SourceTitle "EXT 2011"]
[Source "ChessBase"]
[SourceDate "2010.11.26"]
[SourceVersion "1"]
[SourceVersionDate "2010.11.26"]
[SourceQuality "1"]

1. e4 e5 2. Nf3 Nf6 3. Nxe5 d6 4. Nf3 Nxe4 5. d4 d5 6. Bd3 Bg4 7. 0-0 Be7 8. Re1 f5 9. c4 0-0 10. cxd5 Qd6 11. Nc3 Nd7 12. Be2 Ndf6 13. Ne5 Bxe2 14. Qxe2 Nxc3 15. bxc3 Qxd5 16. Qd3 Rad8 17. Qxf5 c5 18. Bb2 cxd4 19. cxd4 Rc8 20. Qd3 Bd6 21. Re2 Rce8 22. Qb3 a6 23. Rae1 Qxb3 24. axb3 Bb4 25. Rc1 Nd5 26. Rec2 h5 27. Nd3 Kh7 28. h3 Bd6 29. Ne5 Nb4 30. Rd2 1/2-1/2

[Event "SRB-ch U18"]
[Site "Sokobanja"]
[Date "2010.04.07"]
[Round "4"]
[White "Tadic, Nikola"]
[Black "Kaszas, Viktor"]
[Result "1/2-1/2"]
[WhiteElo "1974"]
[BlackElo "1988"]
[PlyCount "56"]
[EventDate "2010.04.05"]
[EventType "swiss"]
[EventRounds "9"]
[EventCountry "YUG"]
[SourceTitle "CBM 135 Extra"]
[Source "ChessBase"]
[SourceDate "2010.05.04"]
[SourceVersion "1"]
[SourceVersionDate "2010.05.04"]
[SourceQuality "1"]

1. e4 e5 2. Nf3 Nc6 3. d4 exd4 4. Nxd4 Nf6 5. Nxc6 bxc6 6. e5 Qe7 7. Qe2 Nd5 8. c4 Ba6 9. b3 0-0-0 10. Qe4 Nf6 11. Qe2 Nd5 12. Bb2 Re8 13. Nd2 f6 14. Qe4 Nb6 15. c5 Bxf1 16. cxb6 Ba6 17. bxa7 Kb7 18. f4 Qb4 19. 0-0-0 fxe5 20. fxe5 Qa5 21. Kb1 Qxe5 22. Qg4 Qe6 23. Qxe6 Rxe6 24. Nc4 Bxc4 25. bxc4 d6 26. Rhf1 Kxa7 27. Rf7 Re7 28. Rxe7 Bxe7 1/2-1/2